Leading and managing education : (Record no. 49814)
| 000 -LEADER | |
|---|---|
| fixed length control field | 00651 am a2200169ua 4500 |
| 001 - CONTROL NUMBER | |
| control field | 011361484 |
| 020 ## - INTERNATIONAL STANDARD BOOK NUMBER | |
| International Standard Book Number | 076197203X (pbk.) : |
| 100 1# - MAIN ENTRY--PERSONAL NAME | |
| Personal name | Foskett, Nicholas, |
| Dates associated with a name | 1955- |
| 9 (RLIN) | 86948 |
| 245 10 - TITLE STATEMENT | |
| Title | Leading and managing education : |
| Remainder of title | international dimensions / |
| Statement of responsibility, etc | Nick Foskett and Jacky Lumby. |
| 260 ## - PUBLICATION, DISTRIBUTION, ETC. (IMPRINT) | |
| Place of publication, distribution, etc | London : |
| Name of publisher, distributor, etc | P. Chapman Pub., |
| Date of publication, distribution, etc | 2003. |
| 300 ## - PHYSICAL DESCRIPTION | |
| Extent | xii, 224 p. ; |
| Dimensions | 24 cm. |
| 490 1# - SERIES STATEMENT | |
| Series statement | Educational management, research and practice |
| 504 ## - BIBLIOGRAPHY, ETC. NOTE | |
| Bibliography, etc | Includes bibliographical references and index. |
| 650 #0 - SUBJECT ADDED ENTRY--TOPICAL TERM | |
| Topical term or geographic name as entry element | School management and organization. Educational leadership |
| Form subdivision | Cross-cultural studies. |
| 9 (RLIN) | 86949 |
| 700 1# - ADDED ENTRY--PERSONAL NAME | |
| Personal name | Lumby, Jacky. |
| 9 (RLIN) | 86950 |
| 942 ## - ADDED ENTRY ELEMENTS (KOHA) | |
| Source of classification or shelving scheme | |
| Koha item type | Teacher's Resources |
| Withdrawn status | Lost status | Source of classification or shelving scheme | Damaged status | Not for loan | Collection code | Home library | Current library | Shelving location | Date acquired | Total Checkouts | Full call number | Barcode | Date last seen | Price effective from | Koha item type |
|---|---|---|---|---|---|---|---|---|---|---|---|---|---|---|---|
| TEACHERS' RESOURCES | Asian Hope Secondary Library | Asian Hope Secondary Library | SECONDARY | 11/24/2025 | 371.2 FOS | 208332 | 11/24/2025 | 11/24/2025 | Teacher's Resources |